000 01080njm a22003017a 4500
005 20100914152621.0
007 sd ammalaaahaa
008 100913t xxu||||| |||| 00| 0 hin d
028 _a2392372
_bEMI
035 _aGR-03524
040 _aSED/VEN
100 _aVijay Anand
_91184
245 _aJohny mera naam (Dialogues & Songs ) /
_cby Vijay Anand ; lyrics by Rajendra Krishan [and] Indivar ; Music by Kalyanji Anandji
_h[sound recording] :
246 _aजोहनी मेरा नाम /
260 _aDum Dum India
_bEMI
_c1983
300 _a1 sound disc [Gramophone record] :
_banalog, 33 1/3 rpm
_c12.5 in. (LP)
_fGramophone Record
500 _aBrief Record
500 _aRecord label :EMI,Red
505 _aSide
600 _aVijay Anand
_919992
650 _aHindi Film Song
_xExcerpts
_zIndia
_919603
700 _919604
_aKalyanji Anandji
700 _919605
_aRajendra Krishan
700 _a Indivar
_920713
700 _920714
942 _2ddc
_cGR
999 _c46822
_d46822